000 00331nam a22001457a 4500
008 230601b ||||| |||| 00| 0 eng d
020 _a9780759118669
041 _aeng
080 _2FIFTH EDITION
_a572
082 _a572BOD
100 _a44
101 _aANT
245 _aCULTURAL ANTHROPOLOGY
_cBODLEY .H .J
942 _2udc
_cBK
999 _c59892
_d59892